000
00338nam a2200145Ia 4500
005
20251222141807.0
008
251222s9999||||xx |||||||||||||| ||spa||
020
_a
9789584518262
082
_a
150/B86
100
_a
Buckinggham, Marcus
245
0
_a
Ahora, Descubre sus Fortalezas
250
_a
1ra.ed.
264
_b
Norma
942
_c
LIB
999
_c
6341
_d
6341